<?xml version="1.0" encoding="UTF-8"?>
<record
    xmlns:xsi="http://www.w3.org/2001/XMLSchema-instance"
    xsi:schemaLocation="http://www.loc.gov/MARC21/slim http://www.loc.gov/standards/marcxml/schema/MARC21slim.xsd"
    xmlns="http://www.loc.gov/MARC21/slim">

  <leader>01381    a2200277   4500</leader>
  <controlfield tag="003">NALT</controlfield>
  <controlfield tag="005">20251120120540.0</controlfield>
  <controlfield tag="008">220620b        th ||||| |||| 00| 0 tha d</controlfield>
  <datafield tag="020" ind1=" " ind2=" ">
    <subfield code="a">9789740216049</subfield>
  </datafield>
  <datafield tag="040" ind1=" " ind2=" ">
    <subfield code="a">NALT</subfield>
  </datafield>
  <datafield tag="041" ind1="1" ind2=" ">
    <subfield code="a">tha</subfield>
    <subfield code="h">eng</subfield>
  </datafield>
  <datafield tag="050" ind1=" " ind2=" ">
    <subfield code="a">DS 428</subfield>
    <subfield code="b">&#xE14;914&#xE01; 2561</subfield>
  </datafield>
  <datafield tag="100" ind1="1" ind2=" ">
    <subfield code="a">&#xE40;&#xE14;&#xE2D; &#xE40;&#xE04;&#xE2D;&#xE23;&#xE4C;&#xE0B;&#xE35;&#xE48;, &#xE41;&#xE2D;&#xE19;</subfield>
    <subfield code="9">58387</subfield>
  </datafield>
  <datafield tag="245" ind1="1" ind2="0">
    <subfield code="a">&#xE01;&#xE2D;&#xE07;&#xE40;&#xE23;&#xE37;&#xE2D;&#xE2B;&#xE32;&#xE04;&#xE39;&#xE48; : &#xE08;&#xE32;&#xE01;&#xE40;&#xE21;&#xE37;&#xE2D;&#xE07;&#xE1D;&#xE23;&#xE31;&#xE48;&#xE07;&#xE02;&#xE36;&#xE49;&#xE19;&#xE1D;&#xE31;&#xE48;&#xE07;&#xE17;&#xE35;&#xE48;&#xE2D;&#xE34;&#xE19;&#xE40;&#xE14;&#xE35;&#xE22; =</subfield>
    <subfield code="b">This fishing fleet / </subfield>
    <subfield code="c">Anne de Courcy, &#xE40;&#xE02;&#xE35;&#xE22;&#xE19; ; &#xE2A;&#xE38;&#xE20;&#xE31;&#xE15;&#xE23;&#xE32; &#xE20;&#xE39;&#xE21;&#xE34;&#xE1B;&#xE23;&#xE30;&#xE20;&#xE32;&#xE2A;, &#xE41;&#xE1B;&#xE25;.</subfield>
  </datafield>
  <datafield tag="300" ind1=" " ind2=" ">
    <subfield code="a">464 &#xE2B;&#xE19;&#xE49;&#xE32; :</subfield>
    <subfield code="b">&#xE20;&#xE32;&#xE1E;&#xE1B;&#xE23;&#xE30;&#xE01;&#xE2D;&#xE1A; ;</subfield>
    <subfield code="c">21 &#xE0B;&#xE21;.</subfield>
  </datafield>
  <datafield tag="650" ind1=" " ind2="4">
    <subfield code="9">58390</subfield>
    <subfield code="a">&#xE0A;&#xE32;&#xE27;&#xE2D;&#xE31;&#xE07;&#xE01;&#xE24;&#xE29;</subfield>
    <subfield code="x">&#xE1B;&#xE23;&#xE30;&#xE27;&#xE31;&#xE15;&#xE34;&#xE28;&#xE32;&#xE2A;&#xE15;&#xE23;&#xE4C;</subfield>
    <subfield code="y">&#xE28;&#xE15;&#xE27;&#xE23;&#xE23;&#xE29;&#xE17;&#xE35;&#xE48; 19 </subfield>
    <subfield code="z">&#xE2D;&#xE34;&#xE19;&#xE40;&#xE14;&#xE35;&#xE22;</subfield>
  </datafield>
  <datafield tag="650" ind1=" " ind2="4">
    <subfield code="9">58391</subfield>
    <subfield code="a">&#xE2A;&#xE15;&#xE23;&#xE35;</subfield>
    <subfield code="z">&#xE2D;&#xE34;&#xE19;&#xE40;&#xE14;&#xE35;&#xE22;</subfield>
    <subfield code="x">&#xE1B;&#xE23;&#xE30;&#xE27;&#xE31;&#xE15;&#xE34;</subfield>
  </datafield>
  <datafield tag="651" ind1=" " ind2="4">
    <subfield code="9">32872</subfield>
    <subfield code="a">&#xE2D;&#xE31;&#xE07;&#xE01;&#xE24;&#xE29;</subfield>
    <subfield code="x">&#xE1B;&#xE23;&#xE30;&#xE27;&#xE31;&#xE15;&#xE34;&#xE28;&#xE32;&#xE2A;&#xE15;&#xE23;&#xE4C;</subfield>
  </datafield>
  <datafield tag="651" ind1=" " ind2="4">
    <subfield code="9">10844</subfield>
    <subfield code="a">&#xE2D;&#xE34;&#xE19;&#xE40;&#xE14;&#xE35;&#xE22; </subfield>
    <subfield code="x">&#xE1B;&#xE23;&#xE30;&#xE27;&#xE31;&#xE15;&#xE34;&#xE28;&#xE32;&#xE2A;&#xE15;&#xE23;&#xE4C; </subfield>
  </datafield>
  <datafield tag="700" ind1="1" ind2=" ">
    <subfield code="9">58388</subfield>
    <subfield code="a">De Courcy, Anne</subfield>
  </datafield>
  <datafield tag="700" ind1="0" ind2=" ">
    <subfield code="9">28597</subfield>
    <subfield code="a">&#xE2A;&#xE38;&#xE20;&#xE31;&#xE15;&#xE23;&#xE32; &#xE20;&#xE39;&#xE21;&#xE34;&#xE1B;&#xE23;&#xE30;&#xE20;&#xE32;&#xE2A;</subfield>
  </datafield>
  <datafield tag="850" ind1=" " ind2=" ">
    <subfield code="a">NALT</subfield>
  </datafield>
  <datafield tag="942" ind1=" " ind2=" ">
    <subfield code="2">lcc</subfield>
    <subfield code="c">GB</subfield>
  </datafield>
  <datafield tag="996" ind1=" " ind2=" ">
    <subfield code="a">jamriang.p</subfield>
    <subfield code="b">CATSTF	</subfield>
    <subfield code="c">2024-08-23</subfield>
  </datafield>
  <datafield tag="999" ind1=" " ind2=" ">
    <subfield code="c">100243</subfield>
    <subfield code="d">100243</subfield>
  </datafield>
  <datafield tag="998" ind1=" " ind2=" ">
    <subfield code="j">111</subfield>
    <subfield code="k"> &#xE19;&#xE32;&#xE07;&#xE2A;&#xE32;&#xE27;&#xE1E;&#xE08;&#xE1E;&#xE34;&#xE13;  &#xE1E;&#xE23;&#xE21;&#xE40;&#xE2D;&#xE35;&#xE48;&#xE22;&#xE21;</subfield>
  </datafield>
  <datafield tag="952" ind1=" " ind2=" ">
    <subfield code="0">0</subfield>
    <subfield code="1">0</subfield>
    <subfield code="2">lcc</subfield>
    <subfield code="4">0</subfield>
    <subfield code="7">0</subfield>
    <subfield code="8">CGBL</subfield>
    <subfield code="a">NALT</subfield>
    <subfield code="b">NALT</subfield>
    <subfield code="c">GEN</subfield>
    <subfield code="d">2022-06-02</subfield>
    <subfield code="e">20</subfield>
    <subfield code="l">4</subfield>
    <subfield code="m">3</subfield>
    <subfield code="o">DS 428 &#xE14;914&#xE01; 2561</subfield>
    <subfield code="p">3961212747</subfield>
    <subfield code="r">2025-12-04 00:00:00</subfield>
    <subfield code="s">2025-11-20</subfield>
    <subfield code="t">&#xE09;.1</subfield>
    <subfield code="w">2022-06-02</subfield>
    <subfield code="y">GB</subfield>
  </datafield>
  <datafield tag="952" ind1=" " ind2=" ">
    <subfield code="0">0</subfield>
    <subfield code="1">0</subfield>
    <subfield code="2">lcc</subfield>
    <subfield code="4">0</subfield>
    <subfield code="7">0</subfield>
    <subfield code="8">CGBL</subfield>
    <subfield code="a">NALT</subfield>
    <subfield code="b">NALT</subfield>
    <subfield code="c">GEN</subfield>
    <subfield code="d">2022-06-02</subfield>
    <subfield code="e">20</subfield>
    <subfield code="l">1</subfield>
    <subfield code="o">DS 428 &#xE14;914&#xE01; 2561</subfield>
    <subfield code="p">3961212884</subfield>
    <subfield code="r">2023-08-07 00:00:00</subfield>
    <subfield code="s">2023-07-24</subfield>
    <subfield code="t">&#xE09;.2</subfield>
    <subfield code="w">2022-06-02</subfield>
    <subfield code="y">GB</subfield>
  </datafield>
</record>
